000 01685nam a22002537a 4500
999 _c57207
_d57207
003 Ge_BSU
005 20200117111450.0
008 200117s2016 ge ||||| |||| 00| 0 geo d
020 _a9789941437298
041 _ageo
080 _a811.14'01(075) მ-98
100 _aმჭედლიძე, მ. (მაგდა)
_96198
245 _aПолiteiа ძველი ბერძნული ენა დამწყებთათვის /
_cმაგდა მჭედლიძე ; რედ.: თინათინ გიორგობიანი ; ქეთევან აბესაძე ; ლეილა გეგუჩაძე .
264 _aთბილისი :
_b"ლოგოსი"
_c2016.
300 _a173 გვ. ;
_bილ.;
_c24 სმ.
440 _aპროგრამა "ლოგოსი" : პუბლიკაციები და ღონისძიებები კლასიკური ფილოლოგიის, ბიზანტინისტიკისა და ნეოგრეცისტიკის სფეროში
_93642
546 _aპარალ. თავფურ. ფრანგ. ენაზე
653 _aძველი ბერძნული ენა დამწყებთათვის
653 _aძველი ბერძნული ენა
700 _aგიორგობიანი, თინათინ
_eრედაქტორი
_93445
700 _aაბესაძე, ქეთევან
_eრედაქტორი
_93446
700 _a გეგუჩაძე, ლეილა
_eრედაქტორი
_96199
942 _2udc
_cBK